STN P I-ETS 300 302-2 Digitálna sieť integrovaných služieb (ISDN) Videotelefónna teleslužba. Časť 2: Elektroakustické vlastnosti koncových zariadení s hlasitou prevádzkou a s možnosťou použitia bez manipulácie s mikrotelefónom pre šírku pásma 3,

Bibliographic Details
Format: Book
Language:Undetermined
PhysicalDescription:2 s.
Published: Bratislava Úrad pre normalizáciu, metrológiu a skúšobníctvo SR 1999

MARC

LEADER 00000nam a2200000 a 4500
001 vtls001360693
003 SK-MaSNL
005 20260223130243.0
008 180126sm y0 xo 0 und
035 |a SNK000314258 
040 |a SNK  |b slo  |c SNK  |e AACR2 
044 |a xo  |c SK 
245 1 |a STN P I-ETS 300 302-2 Digitálna sieť integrovaných služieb (ISDN)  |b Videotelefónna teleslužba. Časť 2: Elektroakustické vlastnosti koncových zariadení s hlasitou prevádzkou a s možnosťou použitia bez manipulácie s mikrotelefónom pre šírku pásma 3, 
260 |a Bratislava  |b Úrad pre normalizáciu, metrológiu a skúšobníctvo SR  |c 1999 
300 |a 2 s. 
999 |c 548754  |d 550684 
952 |t P60, <03>, [BOOK], {603}  |a SNK  |b SNK  |y PREZ  |7 0  |p 17A0189170  |o snkSTN P I-ETS 300 302-2  |i snkN 1012/99  |0 0  |1 0  |4 0  |d 1999-04-19  |l 0  |r 2005-01-02 00:00:00  |w 2026-02-23 
952 |t P60, <04>, [BOOK], {604}  |a SNK  |b SNK  |y VYP  |7 0  |p 17A0189171  |o snkSTN P I-ETS 300 302-2 D1  |i snkN 1013/99  |0 0  |1 0  |4 0  |d 1999-04-19  |l 0  |r 2005-01-02 00:00:00  |w 2026-02-23